| 000 | 00635nam a22001817a 4500 | ||
|---|---|---|---|
| 005 | 20250306142332.0 | ||
| 010 | _aENG-143970 | ||
| 020 |
_a9789382396246 _c690.00 |
||
| 035 | _aEN-127502 | ||
| 037 | _aDBAD | ||
| 082 |
_22 _a306.0954 |
||
| 245 |
_aTrends of Socio- Economic Change in India: _b1871- 1961/ _cEdited By M.K Chaudhuri |
||
| 260 |
_aShimla _bThe secretaty ,Indian institute of advanced study _c2015 |
||
| 270 | _aThe secretaty ,Indian institute of advanced study,Rashtrapati Nivas,Shimla | ||
| 300 |
_a592p. _c25cm.(hb) |
||
| 700 |
_aChaudhuri, M.K _eEditor _979330 |
||
| 942 |
_2ddc _cEN _h306.0954 _mTRE |
||
| 999 |
_c210127 _d210127 |
||